Career guidance <a> handbook for policy makers

Gespeichert in:
Bibliographische Detailangaben
Format: Buch
Sprache:Englisch
Veröffentlicht: Paris OECD 2004
Schlagworte:
Tags: Tag hinzufügen
Keine Tags, Fügen Sie das erste Tag hinzu!

MARC

LEADER 00000nam$a2200000$$$4500
001 0026726
005 20240313132757.3
020 |a 92-64-01519-1 
020 |a 92-894-8265-6 
041 0 |a eng 
044 |a FR 
245 1 0 |a Career guidance  |b <a> handbook for policy makers 
264 1 |a Paris  |b OECD  |c 2004 
300 |a 76 s. 
610 2 0 |a kariéra 
610 2 0 |a vývoj služobný 
610 2 0 |a vzdelávanie 
610 2 0 |a kvalifikácia 
610 2 0 |a vedenie 
610 2 0 |a vzdelávanie permanentné 
610 2 0 |a rozvoj pracovníkov